Nenne die längsten Flüsse der Welt - Statistiken

Allgemein
  • Dieses Quiz wurde 368 mal gespielt
  • Das Durchschnittsergebnis liegt bei 11 aus 20
Antwortstatistiken
Rang Länge
(km)
Kontinent Fluss % Korrekt
1 6650 Afrika Nil
100%
20 3850 Afrika Weißer Nil
100%
2 6400 Südamerika Amazonas
98%
4 6051 Nordamerika Mississippi
90%
9 4835 Afrika Kongo
68%
17 4184 Afrika Niger
59%
11 4500 Asien Mekong
58%
18 4130 Nordamerika Missouri
58%
10 4692 Asien Lena
56%
13 4294 Asien Lena
56%
8 4845 Asien Gelber Fluss
55%
6 5410 Asien Ob
53%
12 4338 Asien Ob
53%
3 6380 Asien Jangtsekiang
49%
7 5052 Asien Amur mit Argunund Cherlen
38%
19 3998 Südamerika Paraná
29%
5 5540 Asien Jenissei
26%
15 4259 Asien Jenissei
26%
14 4260 Nordamerika Mackenzie
19%
16 4248 Asien Irtysch
8%
Keine übereinstimmenden Quizze gefunden
Verteilung der Resultate
Anzahl Personen mit jedem Resultat
Perzentil nach korrekt beantworteten Fragen
Ihre Resultats-Entwicklung
Sie haben dieses Quiz noch nicht gespielt